<?xml version="1.0" encoding="UTF-8"?>
<record
    xmlns:xsi="http://www.w3.org/2001/XMLSchema-instance"
    xsi:schemaLocation="http://www.loc.gov/MARC21/slim http://www.loc.gov/standards/marcxml/schema/MARC21slim.xsd"
    xmlns="http://www.loc.gov/MARC21/slim">

  <leader>02482cam a22003374a 4500</leader>
  <datafield tag="999" ind1=" " ind2=" ">
    <subfield code="c">330290</subfield>
    <subfield code="d">330290</subfield>
  </datafield>
  <controlfield tag="001">14927688</controlfield>
  <controlfield tag="003">NUST</controlfield>
  <controlfield tag="005">20170616112805.0</controlfield>
  <controlfield tag="008">070713s2006    ne a     b    000 0 eng c</controlfield>
  <datafield tag="010" ind1=" " ind2=" ">
    <subfield code="a">  2007451136</subfield>
  </datafield>
  <datafield tag="016" ind1="7" ind2=" ">
    <subfield code="a">101288007</subfield>
    <subfield code="2">DNLM</subfield>
  </datafield>
  <datafield tag="020" ind1=" " ind2=" ">
    <subfield code="z">9781402040573 (HB : alk. paper)</subfield>
  </datafield>
  <datafield tag="020" ind1=" " ind2=" ">
    <subfield code="a">1402040571 (HB : alk. paper)</subfield>
  </datafield>
  <datafield tag="020" ind1=" " ind2=" ">
    <subfield code="z">9781402040580 (e-book)</subfield>
  </datafield>
  <datafield tag="020" ind1=" " ind2=" ">
    <subfield code="a">140204058X (ebook)</subfield>
  </datafield>
  <datafield tag="035" ind1=" " ind2=" ">
    <subfield code="a">(CStRLIN)CSUGA6532835-B</subfield>
  </datafield>
  <datafield tag="040" ind1=" " ind2=" ">
    <subfield code="a">OHX</subfield>
    <subfield code="c">NLM</subfield>
    <subfield code="d">OHX</subfield>
    <subfield code="d">BAKER</subfield>
    <subfield code="d">ABC</subfield>
    <subfield code="d">YDXCP</subfield>
    <subfield code="d">LHL</subfield>
    <subfield code="d">DLC</subfield>
  </datafield>
  <datafield tag="042" ind1=" " ind2=" ">
    <subfield code="a">pcc</subfield>
  </datafield>
  <datafield tag="050" ind1="0" ind2="0">
    <subfield code="a">R857.B54</subfield>
    <subfield code="b">B535 2006</subfield>
  </datafield>
  <datafield tag="082" ind1=" " ind2=" ">
    <subfield code="a">610.28 JER</subfield>
  </datafield>
  <datafield tag="245" ind1="0" ind2="0">
    <subfield code="a">Biosensing :</subfield>
    <subfield code="b">international research and development /</subfield>
    <subfield code="c">Jerome Schultz ... [et al.].</subfield>
  </datafield>
  <datafield tag="260" ind1=" " ind2=" ">
    <subfield code="a">Dordrecht :</subfield>
    <subfield code="b">Springer,</subfield>
    <subfield code="c">2006.</subfield>
  </datafield>
  <datafield tag="300" ind1=" " ind2=" ">
    <subfield code="a">xxix, 387 p. :</subfield>
    <subfield code="b">ill. ;</subfield>
    <subfield code="c">25 cm.</subfield>
  </datafield>
  <datafield tag="500" ind1=" " ind2=" ">
    <subfield code="a">P.B</subfield>
  </datafield>
  <datafield tag="504" ind1=" " ind2=" ">
    <subfield code="a">Includes bibliographical references.</subfield>
  </datafield>
  <datafield tag="505" ind1="0" ind2=" ">
    <subfield code="a">Executive summary -- 1. Infrastructure overview / Jerome Schultz -- 2. Optical biosensing / David R. Walt -- 3. Electro-based sensors and surface engineering / Milan Mrksich -- 4. Cell and tissue-based sensors / Sangeeta N. Bhatia -- 5. Mass spectrometry and biosensing research / Charles L. Wilkins -- 6. Microfabricated biosensing devices: MEMS, microfluidics, and mass sensors / Antonio J. Ricco -- 7. Information systems for biosensing / David J. Brady -- Appendices. A. Panel biographies ; B. Site reports: Europe and Australia ; C. Site reports: Japan ; D. NIH grants related to biosensing, CY2002 ; E. NSF-sponsored projects related to biosensing, CY2002 ; F. DOD/DARPA programs related to biosensing ; G.U.S. Army Research Office-funded projects related to biosensing, as of March 2004 ; H.U.S. Department of Energy research related to biosensing (1999) ; I. European Union 6th Framework Programme (2002-2006) ; J. Europe and Japan patents related to biosensing, 1999-2003 ; K. Bibliometric study of world biosensors research, 1997-2002 ; L. Glossary.</subfield>
  </datafield>
  <datafield tag="650" ind1=" " ind2="0">
    <subfield code="a">Biosensors</subfield>
    <subfield code="x">Research.</subfield>
    <subfield code="9">2819</subfield>
  </datafield>
  <datafield tag="700" ind1="1" ind2=" ">
    <subfield code="a">Schultz, J. S.</subfield>
    <subfield code="q">(Jerome Samson),</subfield>
    <subfield code="d">1933-</subfield>
    <subfield code="9">2820</subfield>
  </datafield>
  <datafield tag="856" ind1="4" ind2="2">
    <subfield code="3">Publisher description</subfield>
    <subfield code="u">http://www.loc.gov/catdir/enhancements/fy0824/2007451136-d.html</subfield>
  </datafield>
  <datafield tag="856" ind1="4" ind2="1">
    <subfield code="3">Table of contents only</subfield>
    <subfield code="u">http://www.loc.gov/catdir/enhancements/fy0824/2007451136-t.html</subfield>
  </datafield>
  <datafield tag="906" ind1=" " ind2=" ">
    <subfield code="a">7</subfield>
    <subfield code="b">cbc</subfield>
    <subfield code="c">pccadap</subfield>
    <subfield code="d">3</subfield>
    <subfield code="e">ncip</subfield>
    <subfield code="f">20</subfield>
    <subfield code="g">y-gencatlg</subfield>
  </datafield>
  <datafield tag="942" ind1=" " ind2=" ">
    <subfield code="2">ddc</subfield>
    <subfield code="c">BK</subfield>
    <subfield code="k">IESE</subfield>
  </datafield>
  <datafield tag="952" ind1=" " ind2=" ">
    <subfield code="0">0</subfield>
    <subfield code="1">0</subfield>
    <subfield code="2">ddc</subfield>
    <subfield code="4">0</subfield>
    <subfield code="7">0</subfield>
    <subfield code="8">NFIC</subfield>
    <subfield code="a">IESE</subfield>
    <subfield code="b">IESE</subfield>
    <subfield code="c">GEN</subfield>
    <subfield code="d">2017-06-16</subfield>
    <subfield code="l">1</subfield>
    <subfield code="o">610.28 JER</subfield>
    <subfield code="p">IESE-3926</subfield>
    <subfield code="q">2025-12-06</subfield>
    <subfield code="r">2025-11-06</subfield>
    <subfield code="s">2025-11-06</subfield>
    <subfield code="w">2017-06-16</subfield>
    <subfield code="y">BK</subfield>
  </datafield>
</record>
